Normal view
MARC view
- Dr. S.S. Dara
Entry Personal Name
001 - CONTROL NUMBER
- control field: 122166
003 - CONTROL NUMBER IDENTIFIER
- control field: NUST
005 - DATE AND TIME OF LATEST TRANSACTION
- control field: 20240319123505.0
008 - FIXED-LENGTH DATA ELEMENTS
- fixed length control field: 240319|| aca||aabn | a|a d
040 ## - CATALOGING SOURCE
- Original cataloging agency: NUST
- Transcribing agency: NUST
100 ## - HEADING--PERSONAL NAME
- Personal name: Dr. S.S. Dara
670 ## - SOURCE DATA FOUND
- Source citation: Work cat.: (NUST): Dr. S.S. Dara, Basic Engineering Chemistry/, 2004.
